[Event "L.Rudenko Memorial 2011"]
[Site "St. Petersburg"]
[Date "2011.08.30"]
[Round "8"]
[White "Botalova, Yulia"]
[Black "Grebennikova, Tatyana"]
[Result "1/2-1/2"]
[WhiteElo "1969"]
[BlackElo "2009"]
[PlyCount "65"]
[EventDate "2011.08.23"]

1. e4 d5 2. exd5 Qxd5 3. Nc3 Qd6 4. Nf3 c6 5. d4 Nf6 6. Be2 Bg4 7. O-O Nbd7 8.
Be3 e6 9. Re1 Be7 10. a3 O-O 11. Qd2 Qc7 12. Bf4 Bd6 13. Bxd6 Qxd6 14. Rad1
Rfd8 15. Qe3 Nd5 16. Nxd5 cxd5 17. Ne5 Bxe2 18. Qxe2 Nxe5 19. Qxe5 Qxe5 20.
Rxe5 Rac8 21. c3 Rd6 22. Rde1 Rcc6 23. f4 f6 24. R5e3 Kf7 25. f5 b5 26. Kf2 a5
27. Rxe6 Rxe6 28. Rxe6 Rxe6 29. fxe6+ Kxe6 30. b3 g5 31. Kf3 f5 32. Ke3 a4 33.
b4 1/2-1/2

[Event "L.Rudenko Memorial 2011"]
[Site "St. Petersburg"]
[Date "2011.08.30"]
[Round "8"]
[White "Manina, Ksenia"]
[Black "Gudkina, Zhanna"]
[Result "1/2-1/2"]
[WhiteElo "2003"]
[BlackElo "1759"]
[PlyCount "80"]
[EventDate "2011.08.23"]

1. f4 d5 2. Nf3 c5 3. e3 Nf6 4. b3 Bf5 5. Bb2 e6 6. d3 Nbd7 7. Nbd2 Bd6 8. Qe2
Qa5 9. O-O-O Bg6 10. Kb1 b5 11. Ne5 Qb6 12. Nxg6 hxg6 13. c4 a5 14. g3 Ke7 15.
e4 bxc4 16. dxc4 dxe4 17. Bg2 Ra6 18. Nxe4 Nxe4 19. Qxe4 Rb8 20. Kc2 a4 21. Qf3
Nf6 22. Rd3 Qb4 23. Rhd1 Ne8 24. Qe3 axb3+ 25. axb3 Ra2 26. Ra1 Rxa1 27. Bxa1
Qa5 28. Bb2 Qb6 29. h3 Nc7 30. Qd2 Na6 31. Rxd6 Qxd6 32. Qxd6+ Kxd6 33. Be5+
Kd7 34. Bxb8 Nxb8 35. Kc3 Na6 36. Bf3 Nb4 37. Kd2 Kd6 38. Ke3 Nc2+ 39. Kd2 Nb4
40. Ke3 Nc2+ 1/2-1/2

[Event "L.Rudenko Memorial 2011"]
[Site "St. Petersburg"]
[Date "2011.08.30"]
[Round "8"]
[White "Maidanova, Irina"]
[Black "Vronskaya, Anna"]
[Result "1/2-1/2"]
[WhiteElo "1861"]
[BlackElo "1864"]
[PlyCount "140"]
[EventDate "2011.08.23"]

1. e4 c5 2. Nf3 Nc6 3. Nc3 e6 4. d4 cxd4 5. Nxd4 Nf6 6. Ndb5 d6 7. Bf4 e5 8.
Bg5 a6 9. Na3 b5 10. Nd5 Be7 11. Bxf6 Bxf6 12. c3 O-O 13. Nc2 Bg5 14. h4 Bf4
15. Qf3 Ne7 16. Nxf4 exf4 17. Qxf4 Be6 18. h5 Nc6 19. Be2 Ne5 20. Nd4 Qe7 21.
O-O Kh8 22. Rfd1 Rg8 23. Qd2 Qh4 24. Qe3 Rad8 25. g3 Qh3 26. Qg5 Bg4 27. Bxg4
Nxg4 28. Nf3 Nf6 29. e5 h6 30. Qd2 Qxh5 31. exf6 Qxf3 32. fxg7+ Rxg7 33. Qd4 h5
34. Rd3 Qf5 35. Rad1 Rd7 36. Kg2 Kg8 37. Rf3 Qe6 38. Rf6 Qxa2 39. Rxd6 Rxd6 40.
Qxd6 Qc4 41. Rd4 Qc8 42. Qh6 Rg6 43. Qxh5 Qc6+ 44. Kg1 Qf6 45. Qc5 Kg7 46. Qc8
Qc6 47. Qd8 Qf6 48. Kf1 Qxd8 49. Rxd8 Re6 50. f3 Kf6 51. Kf2 Ke7 52. Rd4 f5 53.
Rf4 Re5 54. g4 fxg4 55. fxg4 Ke6 56. Rf8 Rd5 57. Ke2 a5 58. Re8+ Kd6 59. Re4
Kc6 60. Rd4 Re5+ 61. Kd2 a4 62. Kc2 Kc5 63. Kb1 Re1+ 64. Ka2 Re2 65. Rf4 Rg2
66. Rf5+ Kc4 67. Rf4+ Kc5 68. Rf5+ Kc4 69. Rf4+ Kc5 70. Rf5+ Kc4 1/2-1/2

[Event "L.Rudenko Memorial 2011"]
[Site "St. Petersburg"]
[Date "2011.08.31"]
[Round "9"]
[White "Goryachkina, Aleksandra"]
[Black "Doluhanova, Evgeniya"]
[Result "1/2-1/2"]
[WhiteElo "2153"]
[BlackElo "2227"]
[PlyCount "118"]
[EventDate "2011.08.23"]

1. d4 d5 2. c4 e6 3. Nc3 c6 4. e3 Nf6 5. Nf3 Nbd7 6. Bd3 dxc4 7. Bxc4 b5 8. Bd3
a6 9. e4 c5 10. e5 cxd4 11. Nxb5 axb5 12. exf6 gxf6 13. O-O Qb6 14. Be4 Bb7 15.
Bxb7 Qxb7 16. Nxd4 Rg8 17. Qf3 Qxf3 18. Nxf3 Bc5 19. Be3 Rg4 20. a3 Re4 21.
Rfe1 Bxe3 22. fxe3 e5 23. Rac1 Rc4 24. Rxc4 bxc4 25. Rc1 Nb6 26. Nd2 Rb8 27.
Nxc4 Nxc4 28. Rxc4 Rxb2 29. Rh4 Re2 30. Rh3 Kf8 31. Kf1 Ra2 32. Rxh7 Rxa3 33.
Kf2 Kg8 34. Rh5 Kg7 35. g4 Ra2+ 36. Kf3 Ra1 37. Kf2 Kg6 38. h3 Ra8 39. Rf5 Ra2+
40. Kg3 Re2 41. Kf3 Re1 42. Kf2 Rh1 43. Kg2 Re1 44. Kf2 Ra1 45. Kg2 Ra3 46. Kf3
Ra2 47. h4 Rh2 48. h5+ Kg7 49. Kg3 Re2 50. Kf3 Re1 51. Kf2 Ra1 52. Kg2 Ra4 53.
Kf3 Ra2 54. Kg3 Re2 55. Kf3 Re1 56. Kf2 Rb1 57. Kg2 Re1 58. Kf2 Rh1 59. Kg2 Re1
1/2-1/2

[Event "L.Rudenko Memorial 2011"]
[Site "St. Petersburg"]
[Date "2011.08.31"]
[Round "9"]
[White "Molchanova, Tatjana"]
[Black "Shaydullina, Sandugach"]
[Result "1-0"]
[WhiteElo "2346"]
[BlackElo "2158"]
[PlyCount "105"]
[EventDate "2011.08.23"]

1. c4 e5 2. g3 Nf6 3. Bg2 c6 4. d4 exd4 5. Qxd4 Bb4+ 6. Nc3 d5 7. cxd5 Qe7 8.
Bg5 O-O 9. e3 cxd5 10. Bxf6 gxf6 11. Nge2 Nc6 12. Qxd5 Be6 13. Qh5 Ne5 14. O-O
Bg4 15. Qh6 Rad8 16. Ne4 Ng6 17. Nf4 f5 18. Ng5 f6 19. Bd5+ Rxd5 20. Nxd5 Qd7
21. Nxh7 Qxh7 22. Qxh7+ Kxh7 23. Nxb4 Ne5 24. Nc2 Nf3+ 25. Kg2 Nd2 26. f3 Rc8
27. fxg4 Nxf1 28. Rxf1 Rxc2+ 29. Rf2 Rc1 30. gxf5 Re1 31. Kf3 Kh6 32. Kf4 Rc1
33. g4 Rh1 34. e4 b5 35. e5 Rc1 36. exf6 Rc4+ 37. Kg3 Kg5 38. h4+ Kxf6 39. g5+
Kf7 40. f6 Rc1 41. g6+ Kf8 42. h5 Rg1+ 43. Kf4 a5 44. Rc2 Rf1+ 45. Kg5 Ke8 46.
f7+ Ke7 47. Re2+ Kd7 48. Re8 Rg1+ 49. Kh6 Rg2 50. f8=Q Rxb2 51. Re5 Rxa2 52.
Qf7+ Kd6 53. Qf6+ 1-0

[Event "L.Rudenko Memorial 2011"]
[Site "St. Petersburg"]
[Date "2011.08.31"]
[Round "9"]
[White "Baraeva, Marina"]
[Black "Romanko, Marina"]
[Result "1/2-1/2"]
[WhiteElo "2197"]
[BlackElo "2402"]
[PlyCount "139"]
[EventDate "2011.08.23"]

1. d4 d5 2. c4 c6 3. Nf3 Nf6 4. Nc3 e6 5. cxd5 exd5 6. Bg5 Be7 7. Qc2 Nbd7 8.
e3 Nh5 9. Bxe7 Qxe7 10. Be2 Nhf6 11. O-O Ne4 12. Nxe4 dxe4 13. Nd2 Nf6 14. Rae1
O-O 15. f3 exf3 16. Bxf3 Bg4 17. Ne4 Bxf3 18. Nxf6+ Qxf6 19. gxf3 Rad8 20. Kh1
Rd5 21. Qc3 Rfd8 22. b4 Qd6 23. Re2 Qf6 24. Rd2 h6 25. Qc4 b6 26. Rc2 Qe7 27.
Qb3 R5d6 28. a3 Re6 29. Rc3 Qg5 30. Rg1 Qh5 31. Qd1 Qd5 32. Qf1 Rde8 33. Qf2 f5
34. Rf1 Kh8 35. Rfc1 Rd8 36. Rd1 a5 37. bxa5 Qxa5 38. Rcd3 Qd5 39. Qg2 Rde8 40.
Qf2 Rd8 41. Qg2 Ra8 42. Rg1 Re7 43. Re1 Ra4 44. Qe2 Qd6 45. Qc2 b5 46. Qc1 Rea7
47. Rc3 R7a6 48. Qc2 Qe6 49. Rc5 Rxd4 50. Rxf5 Rd8 51. Qc5 Qd6 52. Qxd6 Rxd6
53. e4 Rxa3 54. e5 Re6 55. Rf8+ Kh7 56. f4 Re7 57. f5 c5 58. e6 c4 59. Rd1 h5
60. Rb8 c3 61. Rxb5 c2 62. Rc1 Rc3 63. Rb2 Rec7 64. e7 Rxe7 65. Rcxc2 Rce3 66.
Kg2 R3e5 67. Rf2 Rf7 68. h4 Rexf5 69. Rxf5 Rxf5 70. Kg3 1/2-1/2

[Event "L.Rudenko Memorial 2011"]
[Site "St. Petersburg"]
[Date "2011.08.31"]
[Round "9"]
[White "Galojan, Lilit"]
[Black "Tomilova, Elena"]
[Result "1-0"]
[WhiteElo "2389"]
[BlackElo "2317"]
[PlyCount "109"]
[EventDate "2011.08.23"]

1. d4 f5 2. g3 Nf6 3. Bg2 g6 4. b3 Bg7 5. Bb2 O-O 6. Nf3 d6 7. O-O c6 8. Nbd2
Qe8 9. Re1 Ne4 10. Nxe4 fxe4 11. Ng5 d5 12. f3 h6 13. Nh3 g5 14. fxe4 dxe4 15.
Nf2 e3 16. Ne4 Na6 17. Qc1 Nb4 18. c4 Qg6 19. a3 Rf2 20. Nxf2 exf2+ 21. Kxf2
Nc2 22. Kg1 Nxe1 23. Qxe1 Qc2 24. Qc3 Qxe2 25. Bf3 Qe6 26. Re1 Qf7 27. Rf1 Qg6
28. Qe3 Bh3 29. Be4 Qh5 30. Bg2 Bf6 31. Bc3 Rf8 32. b4 Qg4 33. Bxh3 Qxh3 34.
Rf3 Qh5 35. Kg2 Qg6 36. Qd3 Qxd3 37. Rxd3 Rd8 38. Kf3 Kf7 39. Ke4 g4 40. Bd2 e6
41. Be3 Kg6 42. Rb3 Rc8 43. a4 a6 44. b5 cxb5 45. c5 bxa4 46. Rxb7 Bg5 47. Bxg5
hxg5 48. Rb6 Kf7 49. Rxa6 Rh8 50. Ke5 Rxh2 51. Ra7+ Kg6 52. Rxa4 Re2+ 53. Kd6
Re3 54. c6 Rxg3 55. Rc4 1-0

[Event "L.Rudenko Memorial 2011"]
[Site "St. Petersburg"]
[Date "2011.08.31"]
[Round "9"]
[White "Trapeznikova, Darya"]
[Black "Baraeva, Irina"]
[Result "1/2-1/2"]
[WhiteElo "1979"]
[BlackElo "2204"]
[PlyCount "115"]
[EventDate "2011.08.23"]

1. d4 d5 2. c4 c6 3. Nf3 Nf6 4. e3 Bg4 5. h3 Bxf3 6. Qxf3 e6 7. Nc3 Nbd7 8.
cxd5 exd5 9. Bd3 Bd6 10. g4 h6 11. h4 g6 12. g5 hxg5 13. hxg5 Nh5 14. Qg4 Qe7
15. Bd2 O-O-O 16. O-O-O Kb8 17. Kb1 Bc7 18. f4 Ng7 19. f5 gxf5 20. Bxf5 Nxf5
21. Qxf5 Rxh1 22. Rxh1 Nb6 23. b3 Nc8 24. Rh7 Nd6 25. Qg4 Ba5 26. Nxd5 cxd5 27.
Bxa5 Rc8 28. Bb4 Qc7 29. Bxd6 Qxd6 30. Qf4 Qxf4 31. exf4 Rf8 32. f5 Rg8 33.
Rxf7 Rxg5 34. Kb2 Rg4 35. Kc3 Rf4 36. Kb4 Rxd4+ 37. Kc5 Rd2 38. Rd7 Rxa2 39.
Kxd5 Rb2 40. Kd6 a5 41. f6 Rxb3 42. f7 Rd3+ 43. Ke7 Re3+ 44. Kd8 Rf3 45. Ke8
Ka7 46. f8=Q Rxf8+ 47. Kxf8 Kb6 48. Ke7 Kc6 49. Rd1 a4 50. Ke6 Kc5 51. Ke5 Kc4
52. Rc1+ Kb3 53. Rb1+ Kc3 54. Rxb7 a3 55. Rc7+ Kb2 56. Kd4 a2 57. Rb7+ Kc1 58.
Ra7 1/2-1/2

[Event "L.Rudenko Memorial 2011"]
[Site "St. Petersburg"]
[Date "2011.08.31"]
[Round "9"]
[White "Korchagina, Viktoria"]
[Black "Butuc, Maria"]
[Result "1/2-1/2"]
[WhiteElo "2109"]
[BlackElo "2172"]
[PlyCount "81"]
[EventDate "2011.08.23"]

1. e4 c6 2. d4 d5 3. Nc3 dxe4 4. Nxe4 Bf5 5. Ng3 Bg6 6. N1e2 Nf6 7. Nf4 e5 8.
Nxg6 hxg6 9. dxe5 Qa5+ 10. Bd2 Qxe5+ 11. Qe2 Qxe2+ 12. Bxe2 Nbd7 13. O-O Bd6
14. Rad1 O-O 15. c4 Rfe8 16. f4 Nc5 17. Bb4 Nce4 18. Nxe4 Bxb4 19. Nxf6+ gxf6
20. Bf3 Rad8 21. Rxd8 Bc5+ 22. Kh1 Rxd8 23. Rd1 Rxd1+ 24. Bxd1 f5 25. g3 Kf8
26. Kg2 Ke7 27. Kf3 Ke6 28. Bc2 a5 29. h4 Kf6 30. g4 fxg4+ 31. Kxg4 Bf2 32. f5
gxf5+ 33. Bxf5 Bxh4 34. Bc8 Bf2 35. Bxb7 c5 36. Bd5 Bd4 37. b3 Be5 38. Be4 Bd4
39. Bd5 Be5 40. Be4 Bd4 41. Bd5 1/2-1/2

[Event "L.Rudenko Memorial 2011"]
[Site "St. Petersburg"]
[Date "2011.08.31"]
[Round "9"]
[White "Bivol, Alina"]
[Black "Azimova, Karina"]
[Result "1-0"]
[WhiteElo "2171"]
[BlackElo "2067"]
[PlyCount "57"]
[EventDate "2011.08.23"]

1. e4 Nf6 2. Nc3 e5 3. Nf3 Nc6 4. g3 Bc5 5. Bg2 O-O 6. O-O Re8 7. d3 d6 8. Be3
Nd4 9. h3 c6 10. Bxd4 exd4 11. Na4 Bb6 12. Qd2 d5 13. Nxb6 Qxb6 14. exd5 Nxd5
15. Rfe1 Be6 16. b3 Rad8 17. Ng5 Nc7 18. a4 a6 19. a5 Qb5 20. Qf4 Nd5 21. Bxd5
Qxd5 22. Re5 Qd7 23. Rae1 Bd5 24. Qf5 Rxe5 25. Qxh7+ Kf8 26. Rxe5 f6 27. Qh8+
Bg8 28. Ne6+ Ke7 29. Nc5+ 1-0

[Event "L.Rudenko Memorial 2011"]
[Site "St. Petersburg"]
[Date "2011.08.31"]
[Round "9"]
[White "Severiukhina, Zoja"]
[Black "Markelova, Lubov"]
[Result "1/2-1/2"]
[WhiteElo "2270"]
[BlackElo "2074"]
[PlyCount "74"]
[EventDate "2011.08.23"]

1. e4 c5 2. Nf3 Nc6 3. d4 cxd4 4. Nxd4 Qb6 5. Nb3 Nf6 6. Nc3 e6 7. Bd3 a6 8.
Be3 Qc7 9. f4 d6 10. a4 b6 11. O-O Bb7 12. g4 g6 13. g5 Nd7 14. Qg4 h6 15. Nd4
hxg5 16. Nxe6 fxe6 17. Qxe6+ Ne7 18. Nd5 Bxd5 19. exd5 gxf4 20. Bd4 Ne5 21. a5
Qd7 22. axb6 Qxe6 23. dxe6 Nf5 24. Rxa6 Rxa6 25. b7 Nc6 26. Bxh8 Rb6 27. Be4
Nfe7 28. Bf6 d5 29. Bxe7 dxe4 30. Bxf8 Kxf8 31. Rxf4+ Ke7 32. Rxe4 Rxb2 33. Rh4
Kxe6 34. Rh6 Kf5 35. h4 Rxb7 36. h5 Ne5 37. hxg6 Nxg6 1/2-1/2

[Event "L.Rudenko Memorial 2011"]
[Site "St. Petersburg"]
[Date "2011.08.31"]
[Round "9"]
[White "Kindinova, Ekaterina"]
[Black "Zakurdjaeva, Irina"]
[Result "1/2-1/2"]
[WhiteElo "2159"]
[BlackElo "2268"]
[PlyCount "97"]
[EventDate "2011.08.23"]

1. e4 e5 2. Nf3 Nc6 3. Bb5 a6 4. Ba4 Nf6 5. Qe2 b5 6. Bb3 Be7 7. O-O d6 8. c3
O-O 9. d4 Bg4 10. Rd1 Qe8 11. h3 Bh5 12. Bc2 Nd7 13. a4 Bxf3 14. Qxf3 exd4 15.
cxd4 Nb4 16. Bb3 c5 17. dxc5 Nxc5 18. axb5 axb5 19. Rxa8 Qxa8 20. Bd2 Nbd3 21.
Bd5 Qa4 22. b3 Qa6 23. Bc3 b4 24. Bd4 Ne5 25. Qe3 Ned7 26. Nd2 Ne6 27. Nf3 Nxd4
28. Nxd4 Rc8 29. Nf5 Bf8 30. Qg3 Ne5 31. Nh6+ Kh8 32. Nxf7+ Nxf7 33. Bxf7 Qe2
34. Qd3 Qb2 35. Bc4 Be7 36. Qd5 Rf8 37. Qd4 Qc2 38. Rf1 Qc3 39. Qd5 Qe5 40. f4
Qc3 41. Rf3 Qa1+ 42. Kh2 Qa7 43. Qe6 Qc7 44. Qd5 Qb8 45. Bd3 Bf6 46. Rg3 Bc3
47. Rg4 g6 48. Bc4 Qd8 49. Qg5 1/2-1/2

[Event "L.Rudenko Memorial 2011"]
[Site "St. Petersburg"]
[Date "2011.08.31"]
[Round "9"]
[White "Kostrikina, Anna"]
[Black "Travkina, Anastasia"]
[Result "1-0"]
[WhiteElo "2079"]
[BlackElo "2176"]
[PlyCount "79"]
[EventDate "2011.08.23"]

1. e4 c5 2. Nf3 d6 3. d4 cxd4 4. Qxd4 Nc6 5. Bb5 Bd7 6. Bxc6 Bxc6 7. c4 a6 8.
Nc3 Nf6 9. O-O g6 10. Nd5 Bxd5 11. exd5 Bg7 12. Bd2 Qc7 13. Qd3 O-O 14. Rac1 a5
15. b3 Nd7 16. Bc3 Bxc3 17. Rxc3 Qc5 18. Re1 Rfe8 19. Ng5 Nf6 20. Qh3 a4 21.
Rf3 h5 22. Qg3 axb3 23. axb3 Qd4 24. h3 Ra1 25. Rxa1 Qxa1+ 26. Kh2 Kg7 27. Re3
Qd4 28. Nf3 Qc5 29. Nh4 Qc8 30. f4 Nh7 31. f5 g5 32. f6+ Kxf6 33. Qf3+ Kg7 34.
Nf5+ Kf8 35. Nh6 f6 36. Qxh5 Kg7 37. Re6 Nf8 38. Nf5+ Kg8 39. Qh6 Nxe6 40. dxe6
1-0

[Event "L.Rudenko Memorial 2011"]
[Site "St. Petersburg"]
[Date "2011.08.31"]
[Round "9"]
[White "Katyshkina, Anastasia"]
[Black "Balaian, Alina"]
[Result "1/2-1/2"]
[WhiteElo "1936"]
[BlackElo "2163"]
[PlyCount "158"]
[EventDate "2011.08.23"]

1. e4 e6 2. Nf3 d5 3. Nc3 d4 4. Ne2 c5 5. c3 Nf6 6. e5 Nfd7 7. cxd4 cxd4 8.
Nexd4 Nxe5 9. Bb5+ Nec6 10. O-O Be7 11. Nxc6 bxc6 12. Ba4 O-O 13. d4 Bb7 14.
Qb3 Qc8 15. Bf4 Nd7 16. Rac1 a5 17. Rc2 Ra6 18. Rfc1 Qa8 19. Qe3 Nf6 20. Bb3 a4
21. Bc4 Ra5 22. Ne5 c5 23. Nxf7 Rxf7 24. Bxe6 Qe8 25. dxc5 Qc6 26. f3 Nd5 27.
Bxf7+ Kxf7 28. Qd4 Bc8 29. Bd2 Ra7 30. Qe5 Be6 31. Kh1 Rd7 32. Qh5+ Kg8 33.
Qe8+ Bf8 34. b4 axb3 35. axb3 Nb4 36. Bxb4 Rd1+ 37. Rxd1 Qxe8 38. Rcd2 Qb5 39.
Rd4 Bxb3 40. Rc1 Qc6 41. h3 Be7 42. Re4 Bf6 43. Rce1 Kf7 44. R4e3 Ba4 45. Ba3
Qc7 46. Rd3 Qg3 47. Rde3 Bc6 48. Bc1 Bd8 49. Bb2 Bg5 50. Be5 Qf2 51. R3e2 Qxc5
52. Bg3 Bf6 53. Kh2 Qc4 54. Re3 Bb5 55. Re4 Qc2 56. Be5 Bc6 57. R4e2 Bxe5+ 58.
Kh1 Qxe2 59. Rxe2 Bg3 60. Rc2 Bd5 61. Kg1 Bb7 62. Rb2 Bc8 63. Rc2 Bf5 64. Rd2
Be6 65. Rd4 Kf6 66. Kf1 Ke5 67. Rb4 h5 68. Ke2 Bf5 69. Ke3 g6 70. Rc4 Kd5 71.
Ra4 Bc7 72. g4 hxg4 73. hxg4 Bc2 74. Rd4+ Ke5 75. f4+ Kf6 76. Rc4 Bxf4+ 77.
Kxf4 Bb3 78. Rc6+ Be6 79. Rb6 g5+ 1/2-1/2

[Event "L.Rudenko Memorial 2011"]
[Site "St. Petersburg"]
[Date "2011.08.31"]
[Round "9"]
[White "Styazhkina, Anna"]
[Black "Botalova, Yulia"]
[Result "1-0"]
[WhiteElo "2039"]
[BlackElo "1969"]
[PlyCount "89"]
[EventDate "2011.08.23"]

1. d4 d5 2. c4 e6 3. Nc3 Nf6 4. cxd5 exd5 5. Bg5 c6 6. e3 Be7 7. Qc2 Nh5 8.
Bxe7 Qxe7 9. Nxd5 Qd8 10. Nc3 O-O 11. Bd3 Nf6 12. Nf3 h6 13. h3 Nbd7 14. O-O-O
Nd5 15. Nxd5 cxd5 16. Kb1 Nb6 17. Rc1 Qf6 18. Ne5 Be6 19. g4 Rac8 20. Qe2 Rxc1+
21. Rxc1 Rc8 22. f4 Rxc1+ 23. Kxc1 Qh4 24. f5 Bc8 25. Qf1 Qg3 26. Kd2 Qh2+ 27.
Be2 f6 28. Ng6 Nc4+ 29. Kc3 Nb6 30. Nf4 Bd7 31. b3 Bc6 32. Qg2 Qxg2 33. Nxg2
Nc8 34. Nf4 Nd6 35. Bf3 Nb5+ 36. Kb4 Nc7 37. Kc5 Na6+ 38. Kd6 Nb4 39. Nxd5 Kf8
40. Nxb4 Bxf3 41. Nd3 h5 42. gxh5 Be4 43. Nf4 Bxf5 44. Kc7 b5 45. b4 1-0

[Event "L.Rudenko Memorial 2011"]
[Site "St. Petersburg"]
[Date "2011.08.31"]
[Round "9"]
[White "Kostitsina, Liubov"]
[Black "Tskhadadze, Anna"]
[Result "1/2-1/2"]
[WhiteElo "2017"]
[BlackElo "1761"]
[PlyCount "47"]
[EventDate "2011.08.23"]

1. e4 e5 2. Nf3 Nc6 3. Bb5 a6 4. Ba4 Nf6 5. O-O Nxe4 6. d4 b5 7. Bb3 d5 8. Nxe5
Nxe5 9. dxe5 c6 10. c3 Bc5 11. Nd2 Nxd2 12. Bxd2 O-O 13. Kh1 f6 14. f4 fxe5 15.
fxe5 Rxf1+ 16. Qxf1 Qe7 17. Qf3 Be6 18. Bc2 Rf8 19. Qh5 g6 20. Bxg6 hxg6 21.
Qxg6+ Kh8 22. Qh6+ Kg8 23. Qg6+ Kh8 24. Qh6+ 1/2-1/2

[Event "L.Rudenko Memorial 2011"]
[Site "St. Petersburg"]
[Date "2011.08.31"]
[Round "9"]
[White "Grebennikova, Tatyana"]
[Black "Gudkina, Zhanna"]
[Result "1-0"]
[WhiteElo "2009"]
[BlackElo "1759"]
[PlyCount "71"]
[EventDate "2011.08.23"]

1. c4 c6 2. Nf3 Nf6 3. g3 d5 4. cxd5 cxd5 5. Bg2 Bf5 6. O-O e6 7. d3 Nbd7 8.
Nc3 Be7 9. h3 h6 10. Re1 Nb6 11. Qb3 O-O 12. Be3 Nfd7 13. Rac1 Bg6 14. Bf4 Nc5
15. Qd1 Qe8 16. Ne5 Bh7 17. Ng4 f6 18. d4 Na6 19. Qb3 f5 20. Ne5 g5 21. Bd2 Nc7
22. a4 Rb8 23. a5 Nc8 24. Nxd5 Nxd5 25. Bxd5 exd5 26. Qxd5+ Kh8 27. Nd7 Bf6 28.
Nxb8 Ne7 29. Qxb7 Qxb8 30. Rc7 Qxb7 31. Rxb7 Nc6 32. e3 Bg8 33. Rc1 Bd5 34. Rc7
Bxd4 35. exd4 Nxd4 36. Bc3 1-0

[Event "L.Rudenko Memorial 2011"]
[Site "St. Petersburg"]
[Date "2011.08.31"]
[Round "9"]
[White "Kiseleva, Arina"]
[Black "Manina, Ksenia"]
[Result "1-0"]
[WhiteElo "1846"]
[BlackElo "2003"]
[PlyCount "99"]
[EventDate "2011.08.23"]

1. d4 Nf6 2. Nf3 e6 3. c4 b6 4. g3 Ba6 5. Qc2 Bb7 6. Bg2 c5 7. e3 Be7 8. dxc5
Bxc5 9. O-O O-O 10. Nc3 Bb4 11. b3 Qe7 12. Bd2 Rd8 13. a3 Bxc3 14. Bxc3 d5 15.
Rfd1 Na6 16. Ne5 Rac8 17. Qb2 Nc5 18. Bd4 Ne8 19. Bxc5 Rxc5 20. b4 Rcc8 21.
cxd5 Bxd5 22. Bxd5 Rxd5 23. Rxd5 exd5 24. Qd4 Nf6 25. Rd1 Qc7 26. Ng4 Nxg4 27.
Qxg4 Qc4 28. Qd4 Qxd4 29. Rxd4 Rd8 30. e4 Kf8 31. exd5 Ke7 32. f4 Kd6 33. Kg2
Rc8 34. Rd3 Rc2+ 35. Kh3 a5 36. Rd4 Ra2 37. bxa5 Rxa3 38. axb6 Rb3 39. Ra4 Kxd5
40. Ra7 Rxb6 41. Rxf7 Rg6 42. g4 Ke4 43. f5 Rc6 44. Rxg7 Ke5 45. Re7+ Kf6 46.
Rxh7 Ke5 47. Kh4 Kf4 48. Kh5 Rc2 49. h4 Rg2 50. f6 1-0

[Event "L.Rudenko Memorial 2011"]
[Site "St. Petersburg"]
[Date "2011.08.31"]
[Round "9"]
[White "Shulakova, Svetlana"]
[Black "Maidanova, Irina"]
[Result "1-0"]
[WhiteElo "2177"]
[BlackElo "1861"]
[PlyCount "139"]
[EventDate "2011.08.23"]

1. d4 d5 2. c4 e6 3. Nc3 Be7 4. cxd5 exd5 5. Bf4 c6 6. Qc2 g6 7. e3 Bf5 8. Bd3
Bxd3 9. Qxd3 Nf6 10. Nge2 O-O 11. O-O Nbd7 12. f3 Nb6 13. e4 c5 14. e5 Nh5 15.
Bh6 Ng7 16. f4 cxd4 17. Nxd4 Bc5 18. Nce2 Re8 19. Kh1 Rc8 20. Rac1 f6 21. Bxg7
Kxg7 22. exf6+ Qxf6 23. f5 Bxd4 24. Nxd4 Rxc1 25. Rxc1 gxf5 26. Nxf5+ Kh8 27.
h3 Qxb2 28. Rf1 Rg8 29. Ne3 d4 30. Rf7 Rg6 31. Ng4 Kg8 32. Qf5 Qc1+ 33. Kh2 Qc8
34. Qxc8+ Nxc8 35. Rxb7 d3 36. Rd7 Nd6 37. Nf2 d2 38. Nd1 Kf8 39. Rxa7 Re6 40.
Ra3 Nc4 41. Rc3 Re4 42. Kg3 Ke7 43. Kf3 Re1 44. Rxc4 Rxd1 45. Ke2 Rg1 46. Re4+
Kd6 47. Kxd2 Rxg2+ 48. Re2 Rg3 49. Re3 Rg2+ 50. Re2 Rg3 51. Rh2 Ra3 52. Kc1 Ke5
53. Kb2 Re3 54. h4 Kf4 55. h5 h6 56. a4 Kg5 57. Rh1 Kg4 58. a5 Re5 59. Ra1 Kxh5
60. a6 Re8 61. a7 Ra8 62. Ra4 Kg5 63. Kc3 h5 64. Kc4 h4 65. Kb5 h3 66. Kb6 h2
67. Ra1 Rh8 68. Rh1 Rh6+ 69. Kb5 Rh8 70. Rxh2 1-0

[Event "L.Rudenko Memorial 2011"]
[Site "St. Petersburg"]
[Date "2011.08.31"]
[Round "9"]
[White "Butneva, Larisa"]
[Black "Savrova, Lidia"]
[Result "0-1"]
[WhiteElo "1868"]
[BlackElo "1591"]
[PlyCount "116"]
[EventDate "2011.08.23"]

1. c4 f5 2. d4 Nf6 3. Nc3 g6 4. g3 Bg7 5. Bg2 O-O 6. Nf3 e6 7. h4 h6 8. Bf4 d6
9. Qb3 Kh8 10. O-O-O Qe7 11. Qc2 Ng4 12. e4 c6 13. exf5 exf5 14. Rhe1 Qd8 15.
d5 a5 16. dxc6 Nxc6 17. Rxd6 Qb6 18. Re2 Kh7 19. Nd5 Qc5 20. Ne7 Nb4 21. Rd5
Nxd5 22. Nxd5 b5 23. Nd2 Bb7 24. Nf6+ Bxf6 25. Bxb7 Rae8 26. Qd3 Qd4 27. Qxd4
Bxd4 28. Rxe8 Rxe8 29. f3 Re1+ 30. Kc2 Ne3+ 31. Bxe3 Bxe3 32. cxb5 Bxd2 33.
Kxd2 Rg1 34. b6 Rg2+ 35. Kc3 Rg1 36. Kb3 Rc1 37. Ka4 Rc2 38. Kb3 Rd2 39. Bc8
Rd6 40. b7 Rb6+ 41. Kc3 Kg7 42. b3 Kf6 43. Kd4 Ke7 44. Kc5 Rb4 45. Kc6 Kd8 46.
Kd6 Rb6+ 47. Kc5 Kc7 48. f4 Rb4 49. h5 gxh5 50. Bxf5 Rxb7 51. Bg6 h4 52. gxh4
Rb4 53. f5 Rxh4 54. Kb5 Rh2 55. a4 Rb2 56. f6 Rxb3+ 57. Kxa5 Rb6 58. f7 Rf6 0-1

[Event "L.Rudenko Memorial 2011"]
[Site "St. Petersburg"]
[Date "2011.08.31"]
[Round "9"]
[White "Vronskaya, Anna"]
[Black "Petrochenko, Maria"]
[Result "1-0"]
[WhiteElo "1864"]
[BlackElo "1491"]
[PlyCount "67"]
[EventDate "2011.08.23"]

1. d4 d5 2. c4 c6 3. Nc3 Nf6 4. e3 e6 5. Nf3 Nbd7 6. Bd3 dxc4 7. Bxc4 b5 8. Bd3
Bd6 9. e4 e5 10. d5 b4 11. dxc6 bxc3 12. cxd7+ Bxd7 13. bxc3 O-O 14. O-O Rc8
15. Be3 Rxc3 16. Bxa7 Ra3 17. Be3 Bc6 18. Bc1 Ra8 19. Qc2 Ba4 20. Qe2 Qe7 21.
Bd2 Rfc8 22. Rab1 Bc6 23. Rb2 Ba3 24. Rbb1 Rd8 25. Bc3 Bd6 26. Rb6 Rdc8 27.
Rfb1 Ra3 28. Bb4 Nd7 29. Bxa3 Bxa3 30. R6b3 Ba4 31. Ba6 Rd8 32. Rd3 Ra8 33. Bb5
Bxb5 34. Rxb5 1-0

[Event "L.Rudenko Memorial 2011"]
[Site "St. Petersburg"]
[Date "2011.08.31"]
[Round "9"]
[White "Yusupova, Lilia"]
[Black "Elizarova, Taisia"]
[Result "1-0"]
[WhiteElo "1672"]
[BlackElo "1662"]
[PlyCount "57"]
[EventDate "2011.08.23"]

1. d4 Nf6 2. Nf3 g6 3. Nc3 Bg7 4. e4 d6 5. Bc4 Nc6 6. O-O O-O 7. h3 e5 8. dxe5
dxe5 9. Be3 Qe7 10. Bg5 Be6 11. Nd5 Bxd5 12. Bxd5 Rad8 13. Qe2 Rd6 14. Rfd1 h6
15. Bh4 g5 16. Bg3 Nxd5 17. Rxd5 Rfd8 18. Rad1 Qe6 19. Rxd6 Rxd6 20. Rxd6 Qxd6
21. c3 a6 22. Qd2 Qe7 23. Ne1 Qd8 24. Qd5 Qe7 25. Nc2 Kh7 26. Ne3 f6 27. b4 Bf8
28. a4 Kg7 29. Nf5+ 1-0